<?xml version="1.0" encoding="UTF-8"?>
<collection xmlns="http://www.loc.gov/MARC21/slim">
 <record>
  <leader>01785pmm a22003018a 4500</leader>
  <controlfield tag="001">00030245</controlfield>
  <controlfield tag="005">20171026081022.0</controlfield>
  <controlfield tag="008">130103s2007                  ||||||engsd</controlfield>
  <datafield tag="020" ind1="#" ind2="#">
   <subfield code="a">9780521678179</subfield>
  </datafield>
  <datafield tag="041" ind1="0" ind2="#">
   <subfield code="a">eng</subfield>
  </datafield>
  <datafield tag="082" ind1="1" ind2="4">
   <subfield code="a">428</subfield>
   <subfield code="b">A101L</subfield>
  </datafield>
  <datafield tag="100" ind1="1" ind2="#">
   <subfield code="a">Brown, Steven,</subfield>
   <subfield code="d">1952-</subfield>
  </datafield>
  <datafield tag="245" ind1="1" ind2="0">
   <subfield code="a">Active listening</subfield>
   <subfield code="b">Self study audio CD Level 2</subfield>
   <subfield code="c">Steven Brown, Dorolyn Smith.</subfield>
   <subfield code="h">nguồn liệu điện tử]</subfield>
  </datafield>
  <datafield tag="250" ind1="#" ind2="#">
   <subfield code="a">2nd ed.</subfield>
  </datafield>
  <datafield tag="260" ind1="#" ind2="#">
   <subfield code="a">Cambridge [England]</subfield>
   <subfield code="a">New York</subfield>
   <subfield code="b">Cambridge University Press</subfield>
   <subfield code="c">2007.</subfield>
  </datafield>
  <datafield tag="300" ind1="#" ind2="#">
   <subfield code="c">4 3/4 in.</subfield>
   <subfield code="e">sách</subfield>
   <subfield code="a">1 CD</subfield>
  </datafield>
  <datafield tag="653" ind1="#" ind2="#">
   <subfield code="a">Kỹ năng nghe</subfield>
  </datafield>
  <datafield tag="653" ind1="#" ind2="#">
   <subfield code="a">Đĩa CD</subfield>
  </datafield>
  <datafield tag="653" ind1="#" ind2="#">
   <subfield code="a">Tiếng Anh</subfield>
  </datafield>
  <datafield tag="653" ind1="#" ind2="#">
   <subfield code="a">Listening</subfield>
  </datafield>
  <datafield tag="700" ind1="1" ind2="#">
   <subfield code="a">Smith, Dorolyn.</subfield>
  </datafield>
  <datafield tag="852" ind1="#" ind2="#">
   <subfield code="j">DPT.0001475</subfield>
   <subfield code="j">DPT.0001476</subfield>
   <subfield code="j">DPT.0000421</subfield>
   <subfield code="j">DPT.0000422</subfield>
   <subfield code="j">DPT.0000424</subfield>
   <subfield code="j">DPT.0000427</subfield>
   <subfield code="j">DPT.0000429</subfield>
   <subfield code="j">DPT.0000430</subfield>
   <subfield code="j">DPT.0000432</subfield>
   <subfield code="j">DPT.0001468</subfield>
   <subfield code="j">DPT.0001469</subfield>
   <subfield code="j">DPT.0001472</subfield>
   <subfield code="j">DPT.0001473</subfield>
   <subfield code="j">DPT.0000434</subfield>
   <subfield code="j">DPT.0000435</subfield>
   <subfield code="j">DPT.0000436</subfield>
   <subfield code="j">DPT.0000440</subfield>
   <subfield code="j">DPT.0000441</subfield>
   <subfield code="j">DPT.0000443</subfield>
   <subfield code="j">DPT.0000444</subfield>
   <subfield code="j">DPT.0000446</subfield>
   <subfield code="j">DPT.0000449</subfield>
   <subfield code="j">DPT.0000277</subfield>
   <subfield code="j">DPT.0000425</subfield>
   <subfield code="j">DPT.0000426</subfield>
   <subfield code="j">DPT.0000438</subfield>
   <subfield code="j">DPT.0000439</subfield>
   <subfield code="j">DPT.0000447</subfield>
   <subfield code="j">DPT.0000448</subfield>
   <subfield code="j">DPT.0001470</subfield>
   <subfield code="j">DPT.0001471</subfield>
   <subfield code="j">DPT.0000423</subfield>
   <subfield code="j">DPT.0000428</subfield>
   <subfield code="j">DPT.0000431</subfield>
   <subfield code="j">DPT.0000433</subfield>
   <subfield code="j">DPT.0000437</subfield>
   <subfield code="j">DPT.0000442</subfield>
   <subfield code="j">DPT.0000445</subfield>
   <subfield code="j">DPT.0001467</subfield>
   <subfield code="j">DPT.0001474</subfield>
  </datafield>
  <datafield tag="852" ind1="#" ind2="#">
   <subfield code="b">Kho đa phương tiện</subfield>
   <subfield code="j">DPT.0000277, DPT.0000433, DPT.0000434, DPT.0000435, DPT.0000436, DPT.0000437, DPT.0000438, DPT.0000439, DPT.0000440, DPT.0000441, DPT.0000442, DPT.0000443, DPT.0000444, DPT.0000445, DPT.0000446, DPT.0000447, DPT.0000448, DPT.0000449, DPT.0001467, DPT.0001468, DPT.0001469, DPT.0001470, DPT.0001471, DPT.0001472, DPT.0001473, DPT.0001474, DPT.0001475, DPT.0001476</subfield>
  </datafield>
  <datafield tag="910" ind1=" " ind2=" ">
   <subfield code="d">03/01/2013</subfield>
  </datafield>
  <datafield tag="980" ind1="#" ind2="#">
   <subfield code="a">Trung tâm Học liệu Lê Vũ Hùng, Trường Đại học Đồng Tháp</subfield>
  </datafield>
 </record>
</collection>
